ბათუმის შოთა რუსთაველის სახელმწიფო უნივერსიტეტის ბიბლიოთეკა

Soziolinguistik: Studienbibliographien Sprachwissenschaft 16 (ბიბ.ჩანაწერი № 54584)

000 -LEADER
fixed length control field 00614nam a2200229Ia 4500
001 - CONTROL NUMBER
control field 21650
003 - CONTROL NUMBER IDENTIFIER
control field GE_BSU
008 - FIXED-LENGTH DATA ELEMENTS--GENERAL INFORMATION
fixed length control field 181216s||||||||xx |||||||||||||| ||und||
020 ## - INTERNATIONAL STANDARD BOOK NUMBER
International Standard Book Number 3872767534
040 ## - CATALOGING SOURCE
Transcribing agency GE_BSU
080 ## - UNIVERSAL DECIMAL CLASSIFICATION NUMBER
Universal Decimal Classification number 811.112
100 ## - MAIN ENTRY--PERSONAL NAME
Personal name Dittmar, Norbert
245 ## - TITLE STATEMENT
Title Soziolinguistik: Studienbibliographien Sprachwissenschaft 16
260 ## - PUBLICATION, DISTRIBUTION, ETC.
Place of publication, distribution, etc. Heidelberg
260 ## - PUBLICATION, DISTRIBUTION, ETC.
Name of publisher, distributor, etc. julius Groos Verlag
260 ## - PUBLICATION, DISTRIBUTION, ETC.
Date of publication, distribution, etc. 1996
300 ## - PHYSICAL DESCRIPTION
Extent 52 p. 21cm.
653 ## - INDEX TERM--UNCONTROLLED
Uncontrolled term Soziolinguistik: Studienbibliographien Sprachwissenschaft 16
653 ## - INDEX TERM--UNCONTROLLED
Uncontrolled term გერმანული ენა
942 ## - ADDED ENTRY ELEMENTS (KOHA)
Koha item type წიგნი
ეგზემპლარები
Withdrawn status Lost status Damaged status Not for loan Date acquired Barcode Date last seen Price effective from Koha item type
        2018-12-17 1475 2018-12-17 2018-12-17 წიგნი